1847 1251 1176 1258 1877 1170 1177 1531 1101 1055 1682 1953 1085 1012 1278 1020 1800 1635 1024 1821 1835 1708 1674 1690 1075 1341 1554 1597 1994 1441 1720 1396 1733 1496 1924 1658 1308 1770 1603 1757 1204 1435 1392 1396 1642 1658 1298 1882 1085 1788 1695 1768 1810 1986 1998 1091 1841 1960 1558 1620 1192 1563 1332 1521 1823 1428 1755 1521 1735 1978 1248 1934 1595 1322 1248 1353 1219 1931 1361 1971 1761 1701 1595 1079 1728 1060 1125 1065 1888 1873 1330 1576 1142 1101 1959 1687 1470 1234 1609 BCNSPRNW ULIB Ver.6.0+V

เปลี่ยนเป็นภาษาไทย

Change to English
 แสดงรายละเอียดบรรณานุกรม
  กลับหน้าหลัก

Brief Record : Get Marc (ISO 2709) : E-mail record : QR code < ปิดหน้าต่าง
LEADER : 00000nam 2200000uu 4500
001    13399122582
003     ULIB
008    020711s2553 th a 000 0 tha d
099    วจ.WX153^bว494ศ
100    วาณี โพธิ์นคร
110    วิทยาลัยพยาบาลบรมราชชนนี สวรรค์ประชารักษ์ นครสวรรค์
245    ศักยภาพการบริการของหน่วยบริการปฐมภูมิที่ได้รับการสนับสนุนงบประมาณเหมาจ่ายเพิ่มเติม ของสำนักงานหลักประกันสุขภาพแห่งชาติ. /^cวาณี โพธิ์นคร และคณะ
260    นครสวรรค์ :^bวิทยาลัยพยาบาลบรมราชชนนี สวรรค์ประชารักษ์ นครสวรรค์,^c2553
300    82 หน้า
650    ศักยภาพ^xหน่วยบริการปฐมภูมิ
945    ^p0^l0^i20026
999    ^aกัณชพร
รายการนี้ยังไม่มีแท็ก
คุณยังไม่ได้ล็อกอิน คุณสามารถมีกิจกรรมร่วมกับเว็บไซต์ได้ แต่ต้องล็อกอินก่อน ::
  ล็อกอิน

รายการสื่อสารสนเทศ

ลำดับที่ ประเภท เลขเรียก/บาร์โค้ด สถานที่ สถานะ
1. งานวิจัย
งานวิจัย
วจ.WX153 ว494ศ ฉ.1 
  Barcode: 20026
ห้องสมุดวิทยาเขตสวรรค์ประชารักษ์
►วิจัย
บนชั้น

รายการใกล้เคียง
    ผู้แต่ง [วาณี โพธิ์นคร]

BibComment


ยังไม่เคยถูกคอมเมนท์

คอมเมนท์ทรัพยากรรายการนี้
  คอมเมนท์: ศักยภาพการบริการข..


 Copyright 2026. Bcnsprnw @Library